Organizační nauka základy obecné organizační nauky

Salvato in:
Dettagli Bibliografici
Natura: Libro
Lingua:ceco
Pubblicazione: Praha Orbis 1947
Tags: Aggiungi Tag
Nessun Tag, puoi essere il primo ad aggiungerne!!

MARC

LEADER 00000nam a2200000 4500
001 0268994
005 20240822101714.0
041 0 |a cze 
044 |a -CS 
245 1 0 |a Organizační nauka  |b základy obecné organizační nauky  |c Josef Ježek 
264 1 |a Praha  |b Orbis  |c 1947